|
|
|
|
| LEADER |
00973cam a2200253 4500 |
| 001 |
c000232114 |
| 003 |
CARM |
| 005 |
20070404112617.0 |
| 008 |
020620s1968 enka b 001 0 eng d |
| 019 |
1 |
|
|a 23684917
|z 8084161
|5 LACONCORD2021
|
| 020 |
|
|
|a 0713122021
|
| 035 |
|
|
|a (OCoLC)6541039
|5 LACONCORD2021
|
| 040 |
|
|
|a WCU
|b eng
|c WCU
|
| 100 |
1 |
|
|a Tyrrell, L. W. M.
|
| 245 |
1 |
0 |
|a Principles of chemical science :
|b a students text /
|c L.W.M. Tyrell and R.K. Warren.
|
| 260 |
|
|
|a [London] :
|b Edward Arnold,
|c 1968.
|
| 300 |
|
|
|a xiv, 272 p. :
|b ill. ;
|c 23 cm.
|
| 500 |
|
|
|a For chemical technical certificates.
|
| 504 |
|
|
|a Includes bibliographical references (p. 263-264) and index.
|
| 650 |
0 |
0 |
|a Chemistry.
|
| 700 |
1 |
|
|a Warren, R. K.
|
| 852 |
8 |
|
|b CARM
|h A1:AP19A0
|i C09252
|p 0340699
|f BK
|
| 999 |
f |
f |
|i c9cd8706-4bc7-50da-9d59-4e2557452282
|s 8fb6c892-5d75-5acf-9b54-c626a6aaad4f
|
| 952 |
f |
f |
|p Can circulate
|a CAVAL
|b CAVAL
|c CAVAL
|d CARM 1 Store
|e C09252
|f A1:AP19A0
|h Other scheme
|i book
|m 0340699
|